|
|
|
|
| LEADER |
01655nam a2200409 a 4500 |
| 001 |
000647796 |
| 003 |
CZ BrMZK |
| 005 |
20090630173708.0 |
| 007 |
ta |
| 008 |
030122s2003 xr f cze d |
| 015 |
|
|
|a cnb001200642
|
| 020 |
|
|
|a 80-86569-21-7
|
| 035 |
|
|
|a (OCoLC)53271966
|
| 040 |
|
|
|a BOA001
|b cze
|
| 041 |
0 |
|
|a cze
|b eng
|b fre
|b ger
|
| 043 |
|
|
|a e-uk---
|a e-uk-en
|
| 072 |
|
7 |
|a 347.7
|x Obchodní právo. Finanční právo. Právo průmyslového vlastnictví. Patentové právo. Autorské právo
|2 Konspekt
|9 16
|
| 080 |
|
|
|a 325.3
|2 MRF
|
| 080 |
|
|
|a 347.72
|2 MRF
|
| 080 |
|
|
|a (410.1)
|2 MRF
|
| 080 |
|
|
|a (410)
|2 MRF
|
| 080 |
|
|
|a (048.8)
|2 MRF
|
| 100 |
1 |
|
|a Wanner, Michal,
|d 1968-
|7 mzk2002110036
|4 aut
|
| 245 |
1 |
0 |
|a Zrození impéria :
|b Východoindická společnost a britský stát (1600-1773) /
|c Michal Wanner
|
| 260 |
|
|
|a Praha :
|b Dokořán,
|c 2003
|
| 300 |
|
|
|a 338 s :
|b il. ;
|c 21 cm
|
| 500 |
|
|
|a Resumé anglicky, francouzsky, německy
|
| 504 |
|
|
|a Obsahuje bibliografii a rejstřík
|
| 610 |
2 |
7 |
|a East India Company
|7 olak2003164500
|2 czenas
|
| 650 |
0 |
7 |
|a koloniální politika
|7 ph174208
|z Velká Británie
|2 czenas
|
| 650 |
0 |
7 |
|a východoindické společnosti
|7 ph173220
|z Anglie
|2 czenas
|
| 655 |
|
7 |
|a studie
|7 fd133597
|2 czenas
|
| 856 |
4 |
1 |
|u http://www.digitalniknihovna.cz/mzk/uuid/uuid:d3b54730-60fe-11e4-b42a-005056827e52
|y Digitalizovaný dokument
|x NDK
|
| 910 |
|
|
|a BOA001
|b 2-1113.899
|
| 990 |
|
|
|a BK
|
| 996 |
6 |
|
|b 2610181446
|c 2-1113.899
|l MZK
|r Sklad / do 1 hodiny
|n 0
|p p.v.
|w 000647796
|u 000010
|a 1
|e BOA001
|j MZK50
|s P
|
| 996 |
7 |
|
|b 2610181447
|c 2-1113.899
|l MZK
|r Sklad / do 1 hodiny
|n 21
|p kup
|w 000647796
|u 000020
|a 1
|e BOA001
|j MZK50
|s A
|